Le coeur entre les dents (Record no. 57998)

MARC details
000 -LEADER
fixed length control field 00542 a2200169 4500
008 - FIXED-LENGTH DATA ELEMENTS--GENERAL INFORMATION
fixed length control field 230307b ||||| |||| 00| 0 eng d
020 ## - INTERNATIONAL STANDARD BOOK NUMBER
International Standard Book Number 9782090312867
050 ## - LIBRARY OF CONGRESS CALL NUMBER
Classification number PC2117
Item number .P66 2020
100 ## - MAIN ENTRY--PERSONAL NAME
Personal name Ponty, Monique
245 ## - TITLE STATEMENT
Title Le coeur entre les dents
Statement of responsibility, etc by Monique Ponty
260 ## - PUBLICATION, DISTRIBUTION, ETC. (IMPRINT)
Name of publisher, distributor, etc CLE International;
Date of publication, distribution, etc c2020
Place of publication, distribution, etc [Paris] :
300 ## - PHYSICAL DESCRIPTION
Extent 48 p. :
Other physical details col. ill;
Dimensions 21 cm
440 ## - SERIES STATEMENT/ADDED ENTRY--TITLE
Title (Collection dâecouverte. Lectures en franðcais facile. niveau 4)
650 ## - SUBJECT ADDED ENTRY--TOPICAL TERM
Source of heading or term French language
General subdivision Readers.
650 ## - SUBJECT ADDED ENTRY--TOPICAL TERM
Source of heading or term French language.
942 ## - ADDED ENTRY ELEMENTS (KOHA)
Item type Book
Source of classification or shelving scheme Library of Congress Classification
Holdings
Withdrawn status Lost status Source of classification or shelving scheme Damaged status Not for loan Collection code Home library Current library Shelving location Date acquired Source of acquisition Cost, normal purchase price Total Checkouts Full call number Barcode Date last seen Date last borrowed Copy number Price effective from Koha item type
    Library of Congress Classification     Fiction Bishop Okullu Memorial Library (Limuru Campus) Bishop Okullu Memorial Library (Limuru Campus) General Circulation 07/03/2023 Purchase 1550.00 1 PC2117 .P66 2020 069662 18/04/2024 27/03/2024 1 07/03/2023 Book